| 000 | 01056nam a2200301 4500 | ||
|---|---|---|---|
| 001 | 0000019800 | ||
| 003 | CO-CtgCURN | ||
| 005 | 20250329191019.0 | ||
| 007 | ta | ||
| 008 | 160627s1998 000 0 eng d | ||
| 020 | _a8497053508 | ||
| 040 |
_aCO-CtgCURN _bspa _ccoctgcurn |
||
| 082 | 0 |
_a725.18 _bU53i |
|
| 110 | 2 | _aTaller Internacional de Fortificaciones. | |
| 245 | 1 | 0 |
_aInvestigación del fuerte de San Fernando de Bocachica : _buna vision integral / _ccoordinadora, Dolores Pineda Campo , prologo Eduardo Salinas Damian. |
| 260 |
_aValencia (España) : _bUPV, _c1998. |
||
| 300 | _a262 p. | ||
| 336 | _2rdacontent | ||
| 337 |
_2rdamedia _asin mediacion _bn |
||
| 338 |
_2rdacarrier _avolumen _bnc |
||
| 500 | _aIncluye indice. | ||
| 504 | _aIncluye referencias bibliograficas. | ||
| 505 | 8 | _aConferencias.--Gestion patrimonial.--Antecedentes.--Taller.--Encuesta | |
| 650 | 1 | 4 | _aPatrimonio histórico. |
| 908 | _a160627 | ||
| 942 |
_cBK _h725.18 _iU53i _2ddc |
||
| 999 |
_c11184 _d11184 |
||